000
00255nam a2200109Ia 4500
008
200302s9999 xx 000 0 und d
100
_a
Chris Van Uffelen
245
_a
Ecological architecture
260
_b
Braun Publishing
260
_c
2009
300
_a
439
999
_c
6357
_d
6357